100 Longest Rivers in Oceania - with a Map - Statistics

General Stats
  • This quiz has been taken 1,730 times
  • The average score is 23 of 101
Answers on the Map
Answers color-coded by a green-red scale on the quiz's map according to % correct below.
 
Answer Stats
Length (km) Length (mi) Additional Waters River % Correct
2,375 1,476 Murray
92%
2,844 1,768 Condamine > Balonne/Culgoa Darling
74%
344 214 Brisbane
39%
2,062 1,282 Georgina > Eyre Warburton
38%
780 485 Victoria
37%
360 224 Avon Swan
36%
1,683 1,046 Barcoo Cooper Creek
33%
1,060 659 Fly
32%
425 264 Tongariro > Lake Taupō Waikato
31%
575 357 Nogoa Mackenzie
29%
1,126 700 Sepik
29%
332 206 Alice
28%
1,070 665 Dawson Fitzroy (QLD)
27%
1,004 624 Flinders
27%
1,440 895 Lachlan
27%
1,485 923 Murrumbidgee
27%
403 250 Snowy
27%
733 456 Fitzroy (WA)
26%
793 493 Macquarie
26%
338 210 Makarora > Lake Wānaka Clutha / Mata-Au
25%
679 422 Katherine Daly
25%
468 291 Hunter
25%
331 206 Forrest > Dry King
25%
613 381 Ord
25%
700 435 Torrens > Cornish > Landsborough Thomson
25%
825 513 Ashburton
24%
408 254 Maryland Clarence
24%
399 248 Margaret
24%
420 261 Norman
24%
599 372 Waterhouse Roper
24%
680 423 Oakover De Grey
23%
900 559 Diamantina
23%
865 538 Gascoyne
23%
529 329 Goulburn
23%
750 466 Plenty Hay
23%
520 323 Mitchell
23%
750 466 Paroo
23%
327 203 Shoalhaven
23%
340 211 Todd
23%
889 553 Macintyre Barwon
22%
320 199 Billabong
22%
541 336 Castlereagh
22%
750 466 Finke
22%
760 472 Fortescue
22%
424 264 Hale
22%
631 392 Leichhardt
22%
521 324 McArthur
22%
327 203 Palmer
22%
524 326 (Woodruffe) Sandover
22%
322 200 South Esk Tamar
22%
320 199 Whanganui
22%
523 325 Arthur Blackwood
21%
600 373 Bulloo
21%
325 202 Holroyd
21%
361 224 Loddon
21%
561 349 Lyons
21%
389 242 Gara Macleay
21%
820 510 Hope > Yalgar Murchison
21%
364 226 West Normanby Normanby
21%
430 267 Saxby
21%
383 238 Staaten
21%
323 201 Walsh
21%
322 200 Wenlock
21%
385 239 Clara
20%
321 200 Little Coleman Coleman
20%
450 280 Gilbert
20%
542 337 Moonie
20%
420 261 Neales
20%
390 242 Nicholson
20%
640 398 Ramu
20%
378 235 Ranken
20%
824 512 Lagaip Strickland
20%
470 292 Weir
20%
396 246 Yule
20%
658 409 Little Bogan Bogan
19%
435 270 Burnett
19%
530 329 Cloncurry
19%
432 268 Drysdale
19%
340 211 Mulligan
19%
708 440 Namoi
19%
403 250 Pulau
19%
886 551 Burdekin
18%
853 530 East Digul Digul
18%
447 278 Gwydir
18%
323 201 Lynd
18%
363 226 Wooramel
18%
440 273 Einasleigh
17%
476 296 Glenelg
17%
340 211 Greenough
17%
380 236 Lorentz
17%
630 392 Purari
17%
1,380 858 Warrego
17%
445 277 Kikori
16%
570 354 Alberga Macumba
16%
414 257 Baliem
15%
482 300 Wawoi
15%
456 283 (Cape) Campaspe
14%
1,112 691 Taritatu Mamberamo
14%
480 298 (Suttor) Belyando
13%
519 323 Maranoa
12%
488 303 Tariku
10%
No matching quizzes found
Score Distribution
Percent of People with Each Score
Percentile by Number Answered
Your Score History
You have not taken this quiz